[Event "Minsk Bronstein 100 Memorial op"]
[Site "Minsk"]
[Date "2024.02.18"]
[Round "7"]
[White "Hvozdz, Aliaksandr"]
[Black "Katashuk, V."]
[Result "1/2-1/2"]
[WhiteElo "1884"]
[BlackElo "2008"]
[PlyCount "78"]
[EventDate "2024.02.17"]
[EventType "swiss"]
[EventRounds "10"]
[EventCountry "BLR"]
[SourceTitle "CB08_2024"]
[SourceDate "2024.02.21"]
[SourceVersion "1"]
[SourceVersionDate "2024.02.21"]
[SourceQuality "1"]

1. e4 g6 2. d4 Bg7 3. Nc3 d5 4. exd5 Nf6 5. Bc4 0-0 6. Nf3 Nbd7 7. 0-0 Nb6 8. Bb3 Nbxd5 9. Nxd5 Nxd5 10. Re1 Re8 11. c3 Bf5 12. Bg5 c6 13. Qd2 a5 14. a3 a4 15. Ba2 b5 16. h3 Ra7 17. Bh6 Bh8 18. Ne5 Qd6 19. Qe2 Be6 20. Qf3 Bxe5 21. Rxe5 f6 22. Re2 Bf7 23. Rae1 Rd7 24. Bc1 c5 25. dxc5 Qxc5 26. Be3 Nxe3 27. Bxf7+ Kxf7 28. Qxe3 Qxe3 29. Rxe3 Rd2 30. R1e2 Rxe2 31. Rxe2 e5 32. Re4 Rc8 33. Rb4 Rc5 34. Kf1 Ke6 35. Ke2 Kd5 36. Kd3 f5 37. g3 e4+ 38. Ke3 g5 39. f3 exf3 1/2-1/2

[Event "Orsha op-A 22nd"]
[Site "Orsha"]
[Date "2024.01.23"]
[Round "3"]
[White "Hvozdz, Aliaksandr"]
[Black "Krukouski, Serafim"]
[Result "1/2-1/2"]
[WhiteElo "1885"]
[BlackElo "1671"]
[PlyCount "86"]
[EventDate "2024.01.22"]
[EventType "swiss"]
[EventRounds "9"]
[EventCountry "BLR"]
[SourceTitle "CB05_2024"]
[SourceDate "2024.01.31"]
[SourceVersion "1"]
[SourceVersionDate "2024.01.31"]
[SourceQuality "1"]

1. e4 c6 2. d4 d5 3. Nc3 dxe4 4. Nxe4 Nf6 5. Nxf6+ exf6 6. c3 Bd6 7. Bd3 Na6 8. Ne2 Nc7 9. Bf4 h5 10. Qd2 Kf8 11. Bxd6+ Qxd6 12. Qf4 Qd8 13. 0-0-0 Be6 14. Kb1 b5 15. f3 Nd5 16. Qd2 a5 17. Nf4 Nxf4 18. Qxf4 g6 19. Be4 Ra6 20. Rhe1 Kg7 21. Rd2 f5 22. Qe5+ Kh7 23. Bd3 Re8 24. Ka1 Bd7 25. Qg3 Rxe1+ 26. Qxe1 Be6 27. Qe5 Ra7 28. f4 Re7 29. Re2 Rd7 30. Qc5 Qc7 31. Re5 Kg7 32. g3 Qb7 33. Bc2 a4 34. a3 Qc7 35. Bd1 Rd5 36. Rxd5 Bxd5 37. Be2 Qd7 38. c4 bxc4 39. Bxc4 Qe6 40. Bxd5 cxd5 41. Qc7 Qe4 42. Qe5+ Kf8 43. Ka2 Qg2 1/2-1/2

[Event "Wch U14 blitz"]
[Site "Batumi"]
[Date "2023.06.11"]
[Round "11"]
[White "Hvozdz, Aliaksandr"]
[Black "Averin, Nikolay"]
[Result "0-1"]
[WhiteElo "1784"]
[BlackElo "2340"]
[PlyCount "134"]
[EventDate "2023.06.10"]
[EventType "swiss (blitz)"]
[EventRounds "11"]
[EventCountry "GEO"]
[SourceTitle "EXT 2024"]
[Source "ChessBase"]
[SourceDate "2023.10.10"]
[SourceVersion "1"]
[SourceVersionDate "2023.10.10"]
[SourceQuality "1"]
[WhiteTeam "FIDE"]
[BlackTeam "FIDE"]

1. e4 Nf6 2. e5 Nd5 3. d4 d6 4. Nf3 g6 5. Bc4 Nb6 6. Bb3 Bg7 7. Bf4 0-0 8. 0-0 Nc6 9. exd6 cxd6 10. c3 Bg4 11. h3 Bxf3 12. Qxf3 d5 13. Nd2 e6 14. Qe3 Nc8 15. Nf3 Nd6 16. Ne5 Rc8 17. Rfe1 b5 18. Nxc6 Rxc6 19. Bxd6 Qxd6 20. a3 a5 21. Rac1 Rfc8 22. g3 Qc7 23. Rcd1 Qb6 24. h4 h5 25. Rd3 Kh7 26. Bd1 b4 27. axb4 axb4 28. Re2 bxc3 29. bxc3 Qb1 30. Kg2 Qa1 31. Rc2 Qa6 32. Be2 Qb6 33. Bd1 Qa6 34. Be2 Qa4 35. Bd1 Qa7 36. Rcd2 Qc7 37. Rc2 Rc4 38. Qd2 Bh6 39. Qe2 Qa5 40. Qf3 Kg8 41. Kh2 Bg7 42. Qe3 Qc7 43. Qd2 Bf6 44. Kg2 Be7 45. Qh6 Bf8 46. Qd2 Qa5 47. Qe3 Be7 48. Kh3 Qd8 49. Qf4 Qd6 50. Qe3 Bd8 51. Qe2 Ba5 52. Qe3 Qc7 53. g4 hxg4+ 54. Bxg4 Bxc3 55. Bxe6 fxe6 56. Qxe6+ Qf7 57. Qg4 Qf5 58. Qxf5 gxf5 59. Rg3+ Kf7 60. Rg5 Kf6 61. Ra2 Bxd4 62. Rg3 Rc2 63. Ra6+ R8c6 64. Rxc6+ Rxc6 65. h5 Rc3 66. f3 Kf7 67. Kh4 Bf2 0-1

[Event "Minsk op"]
[Site "Minsk"]
[Date "2022.08.04"]
[Round "2"]
[White "Lazavik, Denis"]
[Black "Hvozdz, Aliaksandr"]
[Result "1-0"]
[WhiteElo "2515"]
[BlackElo "1964"]
[PlyCount "69"]
[EventDate "2022.08.03"]
[EventType "swiss"]
[EventRounds "9"]
[EventCountry "BLR"]
[SourceTitle "CBM 209 Extra"]
[Source "ChessBase"]
[SourceDate "2022.09.30"]
[SourceVersion "1"]
[SourceVersionDate "2022.09.30"]
[SourceQuality "1"]

1. d4 d5 2. c4 c6 3. Nf3 Nf6 4. e3 Bf5 5. Nc3 e6 6. Nh4 Bg4 7. Qb3 Qc7 8. h3 Bh5 9. g4 Bg6 10. g5 Nfd7 11. Nxg6 hxg6 12. Bd2 Be7 13. f4 dxc4 14. Bxc4 Nb6 15. Bd3 N8d7 16. 0-0-0 c5 17. Be4 cxd4 18. exd4 Kf8 19. Kb1 Nc4 20. Bc1 Nd6 21. Bg2 Kg8 22. Rhe1 Re8 23. d5 Nc5 24. Qc2 Kh7 25. h4 Kg8 26. dxe6 Nxe6 27. Qa4 Nc5 28. Nd5 Qc8 29. Qxe8+ Qxe8 30. Nxe7+ Kh7 31. Rxd6 Qb5 32. h5 gxh5 33. f5 Re8 34. g6+ fxg6 35. fxg6+ 1-0

[Event "Orsha op"]
[Site "Orsha"]
[Date "2021.04.06"]
[Round "2"]
[White "Hvozdz, Aliaksandr"]
[Black "Siniauski, Artsiom"]
[Result "1/2-1/2"]
[WhiteElo "1709"]
[BlackElo "2277"]
[PlyCount "159"]
[EventDate "2021.04.06"]
[EventType "swiss"]
[EventRounds "9"]
[EventCountry "BLR"]
[SourceTitle "CBM 202 Extra"]
[Source "ChessBase"]
[SourceDate "2021.07.31"]
[SourceVersion "1"]
[SourceVersionDate "2021.07.31"]
[SourceQuality "1"]

1. e4 e6 2. d4 d5 3. Nd2 c5 4. exd5 Qxd5 5. Ngf3 cxd4 6. Bc4 Qd8 7. Nb3 Nc6 8. Nbxd4 Nxd4 9. Nxd4 a6 10. 0-0 Bd6 11. h3 Ne7 12. Qf3 0-0 13. Rd1 Qc7 14. Bb3 Bd7 15. Bg5 h6 16. Bxe7 Bxe7 17. Rd3 Rfd8 18. Rad1 Be8 19. Qe4 Qb6 20. a4 Bf6 21. Qe3 Rd6 22. Qd2 Rad8 23. a5 Qc5 24. Ne2 Rxd3 25. cxd3 Bb5 26. d4 Qg5 27. Qxg5 hxg5 28. Nc3 Rxd4 29. Nxb5 axb5 30. Rxd4 Bxd4 31. Bd1 Bxb2 32. Bf3 Bc3 33. Bxb7 Bxa5 34. Bc6 b4 35. Ba4 Kf8 36. Kf1 Ke7 37. Ke2 Bb6 38. f3 Kd6 39. Bb3 Ke5 40. Kd3 Kf4 41. Ke2 Bc5 42. Ba2 Ke5 43. Kd3 f6 44. Bb3 Kf5 45. Ke2 e5 46. g3 Bb6 47. Bd5 Ba7 48. Kd3 Bf2 49. Be4+ Ke6 50. g4 Kd6 51. Kc4 Be1 52. Bf5 Kc6 53. Be4+ Kb6 54. Bf5 Ka5 55. Bc2 Bd2 56. Bd1 g6 57. Bc2 f5 58. gxf5 gxf5 59. Bxf5 Ka4 60. Bc2+ Ka3 61. Bb3 Be1 62. Bd1 Kb2 63. Ba4 Bc3 64. Bb3 Ka1 65. Bd1 Ka2 66. Bb3+ Kb1 67. Ba4 Be1 68. Kb3 Kc1 69. Bd7 Kd1 70. Bg4 Kc1 71. Be6 Bc3 72. Bg4 Kd2 73. Be6 Ke2 74. Bg4 Ke3 75. Kc2 Bd4 76. Kb3 Bc5 77. Kc4 Bf8 78. Kb3 Kd2 79. Bf5 Be7 80. Bg4 1/2-1/2

[Event "Wch U10"]
[Site "Weifang"]
[Date "2019.08.31"]
[Round "10"]
[White "Tenuunbold, Battulga"]
[Black "Hvozdz, Aliaksandr"]
[Result "1-0"]
[WhiteElo "1754"]
[BlackElo "1699"]
[PlyCount "117"]
[EventDate "2019.08.21"]
[EventType "swiss"]
[EventRounds "11"]
[EventCountry "CHN"]
[SourceTitle "EXT 2020"]
[Source "ChessBase"]
[SourceDate "2019.10.17"]
[SourceVersion "1"]
[SourceVersionDate "2019.10.17"]
[SourceQuality "1"]

1. d4 Nf6 2. c4 c5 3. d5 b5 4. cxb5 a6 5. bxa6 g6 6. Nc3 Bxa6 7. e4 Bxf1 8. Kxf1 d6 9. g3 Bg7 10. Kg2 0-0 11. Nf3 Nbd7 12. a4 Ne8 13. Qc2 Qb6 14. Bd2 Nc7 15. Rab1 c4 16. Be3 Qb4 17. Rhc1 Rfc8 18. Bd2 Bxc3 19. Bxc3 Qxa4 20. Qd2 Nb5 21. Qg5 Nxc3 22. bxc3 f6 23. Qg4 Nc5 24. Nd4 Qa2 25. Nc6 Rc7 26. Nb4 Qa4 27. Rc2 Qd7 28. Qe2 Nb3 29. Nc6 Rxc6 30. dxc6 Qxc6 31. Rd1 Ra5 32. Qf3 Re5 33. Rd5 Nc5 34. Rxe5 fxe5 35. Re2 Nd3 36. Qg4 Kf7 37. Qh4 h5 38. Re3 Qd7 39. h3 Qe6 40. Re2 Nc5 41. Qg5 Qf6 42. Qe3 h4 43. Ra2 Qe6 44. Ra8 Kg7 45. Qf3 Qf6 46. gxh4 Kf7 47. Qxf6+ Kxf6 48. Kf3 e6 49. Rc8 Nb3 50. Rc6 Ke7 51. Ke2 Nc5 52. Rxc5 dxc5 53. Kf3 Kf7 54. Kg4 Kf6 55. f3 Kg7 56. Kg5 Kf7 57. h5 gxh5 58. Kxh5 Kg7 59. Kg5 1-0

[Event "Wch U10"]
[Site "Weifang"]
[Date "2019.08.23"]
[Round "3"]
[White "Hvozdz, Aliaksandr"]
[Black "Zhang, Lichen"]
[Result "1/2-1/2"]
[WhiteElo "1699"]
[BlackElo "1482"]
[PlyCount "78"]
[EventDate "2019.08.21"]
[EventType "swiss"]
[EventRounds "11"]
[EventCountry "CHN"]
[SourceTitle "EXT 2020"]
[Source "ChessBase"]
[SourceDate "2019.10.17"]
[SourceVersion "1"]
[SourceVersionDate "2019.10.17"]
[SourceQuality "1"]

1. e4 c5 2. Nf3 Nc6 3. Bb5 g6 4. Bxc6 dxc6 5. d3 Bg7 6. h3 Nf6 7. Nc3 Nd7 8. Be3 e5 9. Qd2 b6 10. Bh6 0-0 11. Bxg7 Kxg7 12. 0-0 Re8 13. Nh2 Nf8 14. f4 exf4 15. Qxf4 Qe7 16. Ng4 Bxg4 17. Qxg4 Ne6 18. Rf2 h5 19. Qg3 Qg5 20. Qxg5 Nxg5 21. Raf1 Re7 22. b3 Ne6 23. e5 Nd4 24. Ne4 Nf5 25. Nd6 Nxd6 26. exd6 Rd7 27. Re2 Rad8 28. Rfe1 Rxd6 29. Re8 Rxe8 30. Rxe8 Re6 31. Ra8 Re7 32. Kf2 Rc7 33. h4 Kf6 34. Kf3 Ke5 35. Ke3 Re7 36. Rc8 Kd5+ 37. Kd2 Ke5 38. Ke3 Kd6+ 39. Kf3 Rc7 1/2-1/2

[Event "EU-ch U10"]
[Site "Bratislava"]
[Date "2019.08.08"]
[Round "7"]
[White "Haubold, Sebastian Marcel"]
[Black "Hvozdz, Aliaksandr"]
[Result "1/2-1/2"]
[WhiteElo "1559"]
[BlackElo "1699"]
[PlyCount "89"]
[EventDate "2019.08.02"]
[EventType "swiss"]
[EventRounds "9"]
[EventCountry "SVK"]
[SourceTitle "EXT 2020"]
[Source "ChessBase"]
[SourceDate "2019.10.17"]
[SourceVersion "1"]
[SourceVersionDate "2019.10.17"]
[SourceQuality "1"]

1. e4 d5 2. exd5 Qxd5 3. Nc3 Qd6 4. d4 Nf6 5. Nf3 c6 6. Ne5 Nbd7 7. Bf4 Nd5 8. Bg3 Qe6 9. Be2 Nxe5 10. Bxe5 Nxc3 11. bxc3 Qg6 12. 0-0 Bf5 13. Bh5 Bxc2 14. Bxg6 Bxd1 15. Bxf7+ Kxf7 16. Rfxd1 e6 17. Rab1 b5 18. c4 a6 19. Rdc1 Be7 20. cxb5 cxb5 21. Rc7 Rhc8 22. Rbc1 Rxc7 23. Rxc7 g6 24. Kf1 a5 25. Bd6 Re8 26. Ra7 Kf8 27. Bxe7+ Rxe7 28. Rxa5 Rb7 29. Ke2 b4 30. Rc5 b3 31. axb3 Rxb3 32. Rc8+ Kf7 33. Rc7+ Kg8 34. Re7 Rb6 35. Kf3 h5 36. Kf4 Kf8 37. Rd7 Rb5 38. Rc7 Rf5+ 39. Ke3 Rb5 40. Rc5 Rb2 41. d5 exd5 42. Rxd5 Ke7 43. Rd2 Rb4 44. f3 Ke6 45. Rd4 1/2-1/2

[Event "EU-ch U10"]
[Site "Bratislava"]
[Date "2019.08.05"]
[Round "4"]
[White "Hvozdz, Aliaksandr"]
[Black "Rabinovich, Yoav"]
[Result "1-0"]
[WhiteElo "1699"]
[BlackElo "1217"]
[PlyCount "47"]
[EventDate "2019.08.02"]
[EventType "swiss"]
[EventRounds "9"]
[EventCountry "SVK"]
[SourceTitle "EXT 2020"]
[Source "ChessBase"]
[SourceDate "2019.10.17"]
[SourceVersion "1"]
[SourceVersionDate "2019.10.17"]
[SourceQuality "1"]

1. e4 e6 2. d4 d5 3. Nd2 c5 4. exd5 exd5 5. Ngf3 Bg4 6. Bb5+ Nd7 7. 0-0 Ngf6 8. c4 Be7 9. dxc5 Bxc5 10. cxd5 0-0 11. Nb3 Qb6 12. Bxd7 Nxd7 13. Nxc5 Qxc5 14. Be3 Qb5 15. Qb3 Qa6 16. Bd4 Bxf3 17. Qxf3 Rac8 18. Bxg7 Kxg7 19. Qg4+ Kh8 20. Qxd7 Rc2 21. Qe7 Rg8 22. d6 Qc6 23. g3 Rxg3+ 24. hxg3 1-0

[Event "EU-ch U10"]
[Site "Bratislava"]
[Date "2019.08.04"]
[Round "3"]
[White "Usov, Aleksandr E"]
[Black "Hvozdz, Aliaksandr"]
[Result "1-0"]
[WhiteElo "1919"]
[BlackElo "1699"]
[PlyCount "93"]
[EventDate "2019.08.02"]
[EventType "swiss"]
[EventRounds "9"]
[EventCountry "SVK"]
[SourceTitle "EXT 2020"]
[Source "ChessBase"]
[SourceDate "2019.10.17"]
[SourceVersion "1"]
[SourceVersionDate "2019.10.17"]
[SourceQuality "1"]

1. e4 d5 2. exd5 Qxd5 3. Nc3 Qd6 4. d4 Nf6 5. Nf3 c6 6. Bd3 Bg4 7. Ne4 Nxe4 8. Bxe4 e6 9. 0-0 Be7 10. c3 Nd7 11. Bd3 0-0 12. Be2 c5 13. Be3 cxd4 14. Nxd4 Bxe2 15. Qxe2 Nf6 16. Rad1 Nd5 17. c4 Nxe3 18. Qxe3 Rfd8 19. Qf3 Qb6 20. Nb5 Bf6 21. b3 Rxd1 22. Rxd1 Rd8 23. g3 Rxd1+ 24. Qxd1 a6 25. Qd7 Qd8 26. Qxd8+ Bxd8 27. Nd6 b6 28. Ne4 Kf8 29. f4 Ke7 30. Kf2 Kd7 31. Ke3 f5 32. Nd2 e5 33. fxe5 Bg5+ 34. Kd3 Bxd2 35. Kxd2 Ke6 36. Ke3 Kxe5 37. h4 g6 38. b4 h6 39. a3 g5 40. h5 a5 41. bxa5 bxa5 42. a4 g4 43. c5 Kd5 44. Kf4 Kxc5 45. Kxf5 Kb4 46. Kg6 Kxa4 47. Kxh6 1-0